Cultura general #11 - Estadísticas

Estadísticas generales
  • Esta prueba ha sido intentada 6.360 veces
  • La puntuación promedio es 9 de 20
Estadísticas de respuestas
Pregunta Respuesta % Correcto
¿Por qué es nombre más conocido Dwayne Johnson? La Roca
88%
Hay 12 animales en el zodiaco chino. ¿Cuál no existe en la vida real? Dragón
77%
¿Qué se prohibió en EE.UU. durante la Ley Seca? Venta de Alcohol
76%
¿Qué religión tiene más seguidores en la India? Hinduismo
72%
¿En qué serie de libros aparecen personajes llamados Bella, Edward, y Jacob? Crepúsculo
61%
¿Qué significa "Neo nato" en latín? Recién nacido
56%
¿Cuál fue el instrumento de escritura más utilizado en Occidente entre los siglos VI y XIX? Pluma
50%
¿En qué país actual se libró la Guerra del Peloponeso? Grecia
48%
¿Cómo se denomina el período comprendido entre el Miércoles de Ceniza y la Pascua? Cuaresma
47%
¿Quién parodió a Adolf Hitler en la película "El Gran Dictador"? Charlie Chaplin
39%
¿En qué videojuego se puede hacer un Tiger Uppercut o un Hadouken? Street Fighter
36%
¿En qué país se encuentra Angkor Wat? Camboya
35%
¿El mercado de valores de qué país cerró en 1917 y no volvió a abrir hasta 1992? Rusia
34%
La princesa Ana fue el primer miembro de la familia real británica que compitió en unos Juegos Olímpicos.
¿En qué deporte participó?
Equitación
33%
¿Qué ave gigante figura en el escudo de armas de Australia? Emú
28%
¿Qué regalo se hace tradicionalmente en un 25 aniversario de boda? Plata
27%
¿Qué ecuación tiene esta fórmula: ax² + bx + c = 0 Ecuación {Cuadrática}
25%
¿Quién fue el primer emperador cristiano de Roma? Constantino
22%
¿Cuál es la capital de Queensland (Australia)? Brisbane
15%
¿Qué empresa domina la industria del diamante? De Beers
4%
No se encontraron pruebas coincidentes
Distribución de puntuación
Porcentaje de gente con cada puntuación
Porcentaje por número respondido
Historial de tus puntuaciones
No has intentado esta prueba.